2018 Movies - Statistics

General Stats
  • This quiz has been taken 65 times
  • The average score is 24 of 50
Answer Stats
Picture Answer % Correct
Aquaman
93%
Avengers: Infinity War
91%
Deadpool 2
89%
Black Panther
87%
Incredibles 2
87%
Venom
84%
Spider-Man: Into The Spider-Verse
82%
Ant-Man And The Wasp
80%
Bumblebee
80%
Jurassic World: Fallen Kingdom
80%
Peter Rabbit
73%
Bohemian Rhapsody
71%
Mary Poppins Returns
71%
A Star Is Born
69%
Crazy Rich Asians
69%
Fantastic Beasts: The Crimes Of Grindelwald
69%
Ocean’s 8
69%
Solo: A Star Wars Story
67%
The Grinch
67%
Mamma Mia! Here We Go Again
62%
Mission: Impossible - Fallout
62%
Ready Player One
62%
Ralph Breaks The Internet
60%
Green Book
53%
Rampage
53%
The Meg
53%
Love, Simon
42%
Skyscraper
42%
Game Night
40%
Tag
40%
Tomb Raider
38%
A Wrinkle In Time
33%
Red Sparrow
31%
Early Man
29%
First Man
27%
Mortal Engines
27%
Smallfoot
24%
Blockers
22%
Night School
22%
12 Strong
18%
Instant Family
18%
Den Of Thieves
13%
I Feel Pretty
13%
Widows
13%
Mile 22
11%
Life Of The Party
9%
The Happytime Murders
9%
Upgrade
9%
Hotel Artemis
7%
Hunter Killer
4%
No matching quizzes found
Score Distribution
Percent of People with Each Score
Percentile by Number Answered
Your Score History
You have not taken this quiz